00449nmm a2200145Ia 4500008004100000020001800041041000800059100003500067245002900102264005300131300001800184490002100202650002900223856005100252251105s9999||||xx |||||||||||||||||und|| a9788486547080 aspa aLópez de Gómara, Francisco 0aLos Corsarios Barbarroja a[Madrid, España] :bEdiciones Polifemo, c1989 a187 páginas aEspejo navegante aHistory of Europe: Spain uhttps://public.digitaliapublishing.com/a/18922